000
00258nam a22001097a 4500
008
170124b xxu||||| |||| 00| 0 eng d
020
_a
9780130455291
041
_a
eng
080
_2
7TH
_a
618.2
245
_a
FUNDAMENTALS OF NURSING
_c
KOZIER ,B
942
_2
udc
_c
BK
999
_c
3476
_d
3476